Statistics for Countries in Risk Territories: Middle East

Click here to take the quiz!

General Stats

  • This quiz has been taken 24 times
  • The average score is 16 of 17

Answer Stats

Answer% Correct
Iran
100%
Iraq
100%
Israel
100%
Jordan
100%
Syria
100%
Bahrain
95%
Kuwait
95%
Oman
95%
Saudi Arabia
95%
Turkey
95%
Yemen
95%
Armenia
90%
Georgia
90%
Lebanon
90%
Qatar
90%
Azerbaijan
86%
United Arab Emirates
86%

Score Distribution

Percentile by Number Answered

Percent of People with Each Score

Your Score History

You have not taken this quiz